00291nam a2200097Ia 4500008004100000245006700041245001700108260000900125650001100134856004800145171211s9999 xx 000 0 und d aChasing Conrad: A Tale of the Sea and a Glimpse Into the Abyss cSimon J Hall c2015 xTRAVEL uhttp://down.ebook777.com/059/1849951551.pdf